00905nam a2200241 a 450000100060000000300080000600500170001400800410003103500190007204000360009104100080012708200220013510000400015724500390019726000330023630000210026965000340029065000310032494200120035599900170036795201340038495201450051854892BD-RjUL20211209080201.0161112s1961 enk 000 1 eng u a(BD-RjUL)55014 aOSUdm.cdBD-RjULbengcBD-RjUL aeng 223a823bGRB 19611 aGreene, Graham,d1904-1991.916362912aA burnt-out case /cGraham Greene. aLondon :bHeinemann,cc1961. a256 p. ;c21 cm. aReligion -- Fiction. 9163630 aLeprosy -- Fiction9163631 2ddccBK c54892d54892 00102ddc40708FICaRUCLbRUCLcStackd1964-04-04eZeitlingerg16.00l0o823 GRB 1961r2016-11-12 00:00:00tC-2w2021-12-09yBK 00102ddc40718NFICaRUCLbRUCLcReadingd1969-12-15eSweets & Zeilingerg16.00l0o823 GRB 1961r2017-02-08 00:00:00tC-1w2017-02-08yBK